Csehszlovákia hét évtizede.

Uložené v:
Podrobná bibliografia
Médium: Kniha
Jazyk:Hungarian
Vydané: Bratislava : Pravda, 1988.
Vydanie:1. kiad.
Edícia:Tények és érvek 4/1988
ISBN: (brož.)
Fyzický popis: 73 s.
Tagy: Pridať tag
Žiadne tagy, Buďte prvý kto otaguje tento záznam!

MARC

LEADER 00000nam a2200000 a 4500
001 000287621
005 20211207113555.0
008 061205s1988 xo e 000 0 huno
020 |a (brož.) 
040 |a SVKKK  |b slo  |c SVKKK  |e AACR2 
041 0 |a hun 
044 |a xo  |c SK 
245 0 0 |a Csehszlovákia hét évtizede. 
250 |a 1. kiad. 
260 |a Bratislava :  |b Pravda,  |c 1988. 
300 |a 73 s. 
440 0 |a Tények és érvek  |v 4/1988 
998 |a BK 
090 |g SCKHL  |k Sklad Hlavná 10 prízemie  |a I.59456  |j 774786  |i 2720394966  |s Absenčne